<?xml version="1.0" encoding="UTF-8"?>
<record
    xmlns:xsi="http://www.w3.org/2001/XMLSchema-instance"
    xsi:schemaLocation="http://www.loc.gov/MARC21/slim http://www.loc.gov/standards/marcxml/schema/MARC21slim.xsd"
    xmlns="http://www.loc.gov/MARC21/slim">

  <leader>00555nam a22001577a 4500</leader>
  <controlfield tag="003">OSt</controlfield>
  <controlfield tag="005">20151225110922.0</controlfield>
  <controlfield tag="008">151225b        xxu||||| |||| 00| 0 eng d</controlfield>
  <datafield tag="040" ind1=" " ind2=" ">
    <subfield code="c">RUA</subfield>
  </datafield>
  <datafield tag="082" ind1=" " ind2=" ">
    <subfield code="a">AGI KOU 2005 B274 Or.1</subfield>
  </datafield>
  <datafield tag="100" ind1=" " ind2=" ">
    <subfield code="9">5579</subfield>
    <subfield code="a">KOUCHCHOU, CHANKREANA.</subfield>
  </datafield>
  <datafield tag="245" ind1=" " ind2=" ">
    <subfield code="a">A study on methods for shelling cashew nut (&#x1780;&#x17B6;&#x179A;&#x179F;&#x17B7;&#x1780;&#x17D2;&#x179F;&#x17B6;&#x17A2;&#x17C6;&#x1796;&#x17B8;&#x179C;&#x17B7;&#x1792;&#x17B8;&#x179F;&#x17B6;&#x179F;&#x17D2;&#x179A;&#x17D2;&#x178A;&#x1794;&#x1780;&#x179F;&#x17C6;&#x1794;&#x1780;&#x1782;&#x17D2;&#x179A;&#x17B6;&#x1794;&#x17CB;&#x179F;&#x17D2;&#x179C;&#x17B6;&#x1799;&#x1785;&#x1793;&#x17D2;&#x1791;&#x17B8;)</subfield>
  </datafield>
  <datafield tag="260" ind1=" " ind2=" ">
    <subfield code="a">Phnom Penh</subfield>
    <subfield code="b">RUA</subfield>
    <subfield code="c">2005</subfield>
  </datafield>
  <datafield tag="300" ind1=" " ind2=" ">
    <subfield code="a">x, 40p.</subfield>
    <subfield code="b">ill.</subfield>
    <subfield code="c">29cm.</subfield>
  </datafield>
  <datafield tag="942" ind1=" " ind2=" ">
    <subfield code="2">ddc</subfield>
    <subfield code="c">AGI</subfield>
  </datafield>
  <datafield tag="999" ind1=" " ind2=" ">
    <subfield code="c">5194</subfield>
    <subfield code="d">5194</subfield>
  </datafield>
  <datafield tag="952" ind1=" " ind2=" ">
    <subfield code="0">0</subfield>
    <subfield code="1">0</subfield>
    <subfield code="2">ddc</subfield>
    <subfield code="4">0</subfield>
    <subfield code="6">AGI_KOU_2005_000000000000000_B274_OR_1</subfield>
    <subfield code="7">0</subfield>
    <subfield code="9">27684</subfield>
    <subfield code="a">LBB</subfield>
    <subfield code="b">LBB</subfield>
    <subfield code="c">B274</subfield>
    <subfield code="d">2015-12-25</subfield>
    <subfield code="o">AGI KOU 2005 B274 Or.1</subfield>
    <subfield code="p">RUA037841</subfield>
    <subfield code="r">2015-12-25</subfield>
    <subfield code="w">2015-12-25</subfield>
    <subfield code="y">AGI</subfield>
  </datafield>
  <datafield tag="952" ind1=" " ind2=" ">
    <subfield code="0">0</subfield>
    <subfield code="1">0</subfield>
    <subfield code="2">ddc</subfield>
    <subfield code="4">0</subfield>
    <subfield code="6">AGI_KOU_2005_000000000000000_B274_OR_2</subfield>
    <subfield code="7">0</subfield>
    <subfield code="9">27685</subfield>
    <subfield code="a">LBB</subfield>
    <subfield code="b">LBB</subfield>
    <subfield code="c">B274</subfield>
    <subfield code="d">2015-12-25</subfield>
    <subfield code="l">1</subfield>
    <subfield code="o">AGI KOU 2005 B274 Or.2</subfield>
    <subfield code="p">RUA038671</subfield>
    <subfield code="r">2022-06-08</subfield>
    <subfield code="s">2022-05-17</subfield>
    <subfield code="w">2015-12-25</subfield>
    <subfield code="y">AGI</subfield>
  </datafield>
  <datafield tag="952" ind1=" " ind2=" ">
    <subfield code="0">0</subfield>
    <subfield code="1">0</subfield>
    <subfield code="2">ddc</subfield>
    <subfield code="4">0</subfield>
    <subfield code="6">AGI_KOU_2005_000000000000000_B274_OR_3</subfield>
    <subfield code="7">0</subfield>
    <subfield code="9">27686</subfield>
    <subfield code="a">LBB</subfield>
    <subfield code="b">LBB</subfield>
    <subfield code="c">B274</subfield>
    <subfield code="d">2015-12-25</subfield>
    <subfield code="l">5</subfield>
    <subfield code="o">AGI KOU 2005 B274 Or.3</subfield>
    <subfield code="p">RUA038731</subfield>
    <subfield code="r">2022-02-09</subfield>
    <subfield code="s">2022-01-24</subfield>
    <subfield code="w">2015-12-25</subfield>
    <subfield code="y">AGI</subfield>
  </datafield>
  <datafield tag="952" ind1=" " ind2=" ">
    <subfield code="0">0</subfield>
    <subfield code="1">0</subfield>
    <subfield code="2">ddc</subfield>
    <subfield code="4">0</subfield>
    <subfield code="6">AGI_KOU_2005_000000000000000_B274_OR_4</subfield>
    <subfield code="7">0</subfield>
    <subfield code="9">27687</subfield>
    <subfield code="a">LBB</subfield>
    <subfield code="b">LBB</subfield>
    <subfield code="c">B274</subfield>
    <subfield code="d">2015-12-25</subfield>
    <subfield code="l">2</subfield>
    <subfield code="o">AGI KOU 2005 B274 Or.4</subfield>
    <subfield code="p">RUA038857</subfield>
    <subfield code="r">2022-06-20</subfield>
    <subfield code="s">2022-05-25</subfield>
    <subfield code="w">2015-12-25</subfield>
    <subfield code="y">AGI</subfield>
  </datafield>
  <datafield tag="952" ind1=" " ind2=" ">
    <subfield code="0">0</subfield>
    <subfield code="1">0</subfield>
    <subfield code="2">ddc</subfield>
    <subfield code="4">0</subfield>
    <subfield code="6">AGI_KOU_2005_000000000000000_B274_OR_5</subfield>
    <subfield code="7">0</subfield>
    <subfield code="9">27688</subfield>
    <subfield code="a">LBB</subfield>
    <subfield code="b">LBB</subfield>
    <subfield code="c">B274</subfield>
    <subfield code="d">2015-12-25</subfield>
    <subfield code="l">1</subfield>
    <subfield code="o">AGI KOU 2005 B274 Or.5</subfield>
    <subfield code="p">RUA038138</subfield>
    <subfield code="r">2018-10-17</subfield>
    <subfield code="s">2018-09-28</subfield>
    <subfield code="w">2015-12-25</subfield>
    <subfield code="y">AGI</subfield>
  </datafield>
</record>
